Państwo vs państwo #3 - Statystyki

Ogólne statystyki
  • Ten quiz został rozwiązany 537 razy
  • Średni wynik to 10 z 15
Statystyki odpowiedzi
Zagadnienie Odpowiedź % Poprawnych
Który należy do NATO?
100%
Którego kraju nigdy nie najechano podczas II wojny światowej przez III Rzeszę?
90%
Który miał pod kontrolą kiedykolwiek Filipiny?
90%
Który nigdy nie był rządzony przez komunistów?
90%
Który posiada więcej bomb atomowych?
80%
Który jest wysunięty bardziej na wschód?
70%
W którym państwie kiedyś rządziła Królowa Elżbieta II?
70%
Który nie należy do ASEAN? (Porozumienie Południowo-Wschodniej Azji)
70%
Gdzie rządzi monarchia?
60%
Którego dochód PKB per-capita jest wyższy
60%
Który nigdy nie został podbity przez państwo europejskie?
50%
Którego państwa najwyższy szczyt jest wyższy?
50%
Który produkuje więcej pomarańczy (w tonach, rocznie)
50%
Który ma większą populację?
40%
Który jest położony geograficznie bliżej Norwegii
40%
Nie znaleziono quizów pasujących do podanych kryteriów
Rozkład punktacji
Procent ludzi z każdym wynikiem
Percentyl według liczby udzielonych odpowiedzi
Twoja historia wyników
Nie rozwiązałeś tego quizu